Slovensko zostáva lídrom regiónu

Hospodársky rast v krajinách V4. Prílev zahraničných investícií. Prognózy ekonomického vývoja.

Salvato in:
Dettagli Bibliografici
Autore principale: Jančík, Ľuboš
Natura: Capitolo di libro
Lingua:slovacco
Soggetti:
Tags: Aggiungi Tag
Nessun Tag, puoi essere il primo ad aggiungerne!!

MARC

LEADER 00000naa$a2200000$$$4500
001 0033415
005 20231004130755.3
041 0 |a slo 
044 |a SK 
245 1 0 |a Slovensko zostáva lídrom regiónu  |c Ľuboš Jančík 
520 |a Hospodársky rast v krajinách V4. Prílev zahraničných investícií. Prognózy ekonomického vývoja. 
610 2 0 |a krajiny tranzitívne 
610 2 0 |a Slovensko 
610 2 0 |a prognózy hospodárske 
610 2 0 |a rast hospodársky 
610 2 0 |a nezamestnanosť 
610 2 0 |a investície priame zahraničné 
610 2 0 |a situácia hospodárska 
100 1 |a Jančík, Ľuboš